Southville International School and Colleges
Your cart is empty.
  • Cart
  • Lists
    Public lists Eva Luna New books Lux_list list_1
    Your lists Log in to create your own lists
  • Log in to your account
  • Your cookies
  • Search history
Southville International School and Colleges
  • Advanced search
  • Recent comments
  • Most popular
  • Libraries

Log in to your account

Log in with GOOGLE


If you do not have an external account, but do have a local account, you can still log in:

  1. Home
  2. MARC view: Basic calculus for senior high school /
Normal view MARC view ISBD view

Basic calculus for senior high school / (Record no. 358162)

[ view plain ]
MARC details
000 -LEADER
fixed length control field 00906nam a22002417a 4500
003 - CONTROL NUMBER IDENTIFIER
control field SISC
005 - DATE AND TIME OF LATEST TRANSACTION
control field 20180723142231.0
008 - FIXED-LENGTH DATA ELEMENTS--GENERAL INFORMATION
fixed length control field 180723b xxu||||| |||| 00| 0 eng d
020 ## - INTERNATIONAL STANDARD BOOK NUMBER
International Standard Book Number 9789719806073
050 ## - LIBRARY OF CONGRESS CALL NUMBER
Classification number QA 303
Item number .E437 2017
100 ## - MAIN ENTRY--PERSONAL NAME
Personal name Egarguin, Neil Jerome
245 ## - TITLE STATEMENT
Title Basic calculus for senior high school /
Statement of responsibility, etc Neil Jerome A. Egarguin, Lauro L. Fontanil, Vernel M. Lawas ; Alleli Ester Domingo, coordinator.
260 ## - PUBLICATION, DISTRIBUTION, ETC. (IMPRINT)
Place of publication, distribution, etc Quezon City:
Name of publisher, distributor, etc C & E Publishing,
Date of publication, distribution, etc c2017.
300 ## - PHYSICAL DESCRIPTION
Extent viii, 281 pages :
Other physical details illustrations ;
Dimensions 26 cm.
500 ## - GENERAL NOTE
General note Includes index and bibliographical references.
650 ## - SUBJECT ADDED ENTRY--TOPICAL TERM
Source of heading or term National Library of the Philippines
Topical term or geographic name as entry element Calculus, Integral
650 ## - SUBJECT ADDED ENTRY--TOPICAL TERM
Source of heading or term National Library of the Philippines
Topical term or geographic name as entry element Mathematical readiness
700 ## - ADDED ENTRY--PERSONAL NAME
Personal name Fontanil, Lauro L.
700 ## - ADDED ENTRY--PERSONAL NAME
Personal name Domingo, Alleli Ester
Relator term coordinator
700 ## - ADDED ENTRY--PERSONAL NAME
Personal name Lawas, Vernel M.
942 ## - ADDED ENTRY ELEMENTS (KOHA)
Source of classification or shelving scheme Library of Congress Classification
Koha item type Books
Holdings
Withdrawn status Lost status Source of classification or shelving scheme Damaged status Home library Current library Shelving location Date acquired Source of acquisition Sub Shelving location Total Checkouts Full call number Barcode Date last seen Copy number Price effective from Koha item type
    Library of Congress Classification   Luxembourg Library Luxembourg Library Teachers Reference Section 07/23/2018 Library Fund     QA 303 .E437 2017 20525 07/23/2018 1 07/23/2018 Books

Basic calculus for senior high school /

APA

Egarguin N. J., Fontanil L. L., Domingo A. E. & Lawas V. M. (2017). Basic calculus for senior high school. Quezon City: C & E Publishing.

Chicago

Egarguin Neil Jerome, Fontanil Lauro L, Domingo Alleli Ester and Lawas Vernel M. 2017. Basic calculus for senior high school. Quezon City: C & E Publishing.

Harvard

Egarguin N. J., Fontanil L. L., Domingo A. E. and Lawas V. M. (2017). Basic calculus for senior high school. Quezon City: C & E Publishing.

MLA

Egarguin Neil Jerome, Fontanil Lauro L, Domingo Alleli Ester and Lawas Vernel M. Basic calculus for senior high school. Quezon City: C & E Publishing. 2017.

  • Place hold
  • Print
  • Cite
  • Add to your cart (remove)
  • Save record
    BIBTEX Dublin Core MARCXML MARC (non-Unicode/MARC-8) MARC (Unicode/UTF-8) MARC (Unicode/UTF-8, Standard) MODS (XML) RIS
  • More searches
    Search for this title in:
    Other Libraries (WorldCat) Other Databases (Google Scholar) Online Stores (Bookfinder.com) Open Library (openlibrary.org)

Exporting to Dublin Core...

SOUTHVILLE LIBRARY

Southville International School and Colleges Library

1281 Tropical Ave. Cor. Luxembourg St., BF Homes International, Las Pinas City

Tel. No. 8256374 / 252358 Loc. 117/146

Powered by Koha